Score 0/11 Timer 03:00
4 Plays Today
% Correct
Fancy Feast
72.3%
football cream
56.5%
apple sauce
52%
Chrysler car
41.4%
Snickers bar
23.6%
Hair for Men
13.9%
poison gas
11%
lumber tar
9%
Grey Poupon
8.2%
Claude Van Damme
7.4%
NutraSweet
7.2%

You're not logged in!

Compare scores with friends on all Sporcle quizzes.
OR
Log In

Sporcle TV

Today on Sporcle TV


Watch our educational content, quiz creation guides, and fun videos on Sporcle TV.

Show Comments

Extras

Top Quizzes Today


Score Distribution

Paid Content

Your Account Isn't Verified!

In order to create a playlist on Sporcle, you need to verify the email address you used during registration. Go to your Sporcle Settings to finish the process.

Report this User

Report this user for behavior that violates our Community Guidelines.

Details: